Подробности
| 000 -МАРКЕР |
| контрольное поле |
02718nam0a2200457 4500 |
| 001 - ИДЕНТИФИКАТОР ЗАПИСИ |
| контрольное поле |
RU\NLR\BIBL_A\022085719 |
| 005 - ИДЕНТИФИКАТОР ВЕРСИИ |
| контрольное поле |
20231221154834.0 |
| 010 ## - МЕЖДУНАРОДНЫЙ СТАНДАРТНЫЙ НОМЕР КНИГИ (ISBN) |
| Номер (ISBN) |
978-5-04-188692-9 |
| Тираж |
2000 |
| 021 ## - НОМЕР ГОСУДАРСТВЕННОЙ РЕГИСТРАЦИИ |
| Код страны |
Российская Федерация |
| Номер |
КН-П-23-068107 |
| Номер Листа государственной регистраци |
КН-П-23-6918 |
| 035 ## - ДРУГИЕ СИСТЕМНЫЕ НОМЕРА |
| Идентификатор записи |
(NLR Aleph) 022085719 |
| 035 ## - ДРУГИЕ СИСТЕМНЫЕ НОМЕРА |
| Идентификатор записи |
(RuMoRGB)012258026 |
| 100 ## - ДАННЫЕ ОБЩЕЙ ОБРАБОТКИ |
| Данные общей обработки |
20231201d2023 u y0rusy50 ca |
| 101 1# - ЯЗЫК РЕСУРСА |
| Язык текста, звукозаписи и т.д. |
русский |
| Язык оригинала |
греческий (древнегр.) |
| 102 ## - СТРАНА ПУБЛИКАЦИИ ИЛИ ПРОИЗВОДСТВА |
| Страна публикации |
Российская Федерация |
| 105 ## - ПОЛЕ КОДИРОВАННЫХ ДАННЫХ: ТЕКСТОВЫЕ МАТЕРИАЛЫ, МОНОГРАФИЧЕСКИЕ |
| Кодированные данные о монографическом текстовом документе |
y z 000ay |
| 181 #0 - ПОЛЕ КОДИРОВАННЫХ ДАННЫХ: ВИД СОДЕРЖАНИЯ |
| Код вида содержания (ISBD) |
i |
| Код характеристики содержания (ISBD) |
axxe |
| 182 #0 - ПОЛЕ КОДИРОВАННЫХ ДАННЫХ: ТИП СРЕДСТВА |
| Код типа средства (ISBD) |
n - непосредственное |
| 200 1# - ЗАГЛАВИЕ И СВЕДЕНИЯ ОБ ОТВЕТСТВЕННОСТИ |
| Основное заглавие |
Античные трагедии |
| Первые сведения об ответственности |
Эсхил, Софокл, Еврипид |
| Последующие сведения об ответственности |
перевод с древнегреческого Вячеслава Иванова [и др.] |
| 203 ## - ВИД СОДЕРЖАНИЯ И ТИП СРЕДСТВА |
| Вид содержания |
Текст |
| Дополнительные сведения об издании |
визуальный |
| Тип средства |
непосредственный |
| 210 ## - ПУБЛИКАЦИЯ, РАСПРОСТРАНЕНИЕ И ДР. |
| Место издания, распространения и т.д. |
Москва |
| Имя издателя, распространителя и т. д. |
Эксмо |
| Дата издания, распространения и т.д. |
2023 |
| 215 ## - ФИЗИЧЕСКАЯ ХАРАКТЕРИСТИКА |
| Специфическое обозначение материала и объем |
668, [2] с. |
| Размеры |
21 |
| 225 1# - СЕРИЯ |
| Основное заглавие серии |
Всемирная литература |
| 327 0# - ПРИМЕЧАНИЯ О СОДЕРЖАНИИ |
| Текст примечания |
Содерж.: Персы; Орестея; Агамемнон (стихи 1-1673); Плакальщицы (хоэфоры) (стихи 1-1076); Эвмениды (стихи 1-1046); Прометей прикованный/ Эсхил. Царь Эдип; Эдип в Колоне; Антигона/ Софокл. Медея; Ипполит; Вакханки / Еврипид |
| 333 ## - ПРИМЕЧАНИЯ ОБ ОСОБЕННОСТЯХ РАСПРОСТРАНЕНИЯ И ИСПОЛЬЗОВАНИЯ |
| Текст примечания |
16+ |
| 604 ## - ИМЯ И ЗАГЛАВИЕ КАК ПРЕДМЕТ |
| Связываемые данные |
700#0$aЭсхил$fок. 525 - 456 до н.э. |
| -- |
5010#$aТрагедии$2nlr_sh2$3RU\NLR\AUTH\661527899 |
| Имя лица |
Эсхил (ок. 525 - 456 до н.э.) |
| Заглавие |
Трагедии |
| Системный номер авторитетной/нормативной записи |
2584908 |
| Идентификатор авторитетной/нормативной записи |
RU\NLR\AUTH\661527899 |
| 604 ## - ИМЯ И ЗАГЛАВИЕ КАК ПРЕДМЕТ |
| Связываемые данные |
700#0$aСофокл$fок.496 - 406 до н.э |
| -- |
5010#$aТрагедии$2nlr_sh2$3RU\NLR\AUTH\6601563510 |
| Имя лица |
Софокл (ок.496 - 406 до н.э) |
| Заглавие |
Трагедии |
| Системный номер авторитетной/нормативной записи |
2214056 |
| Идентификатор авторитетной/нормативной записи |
RU\NLR\AUTH\6601563510 |
| 604 ## - ИМЯ И ЗАГЛАВИЕ КАК ПРЕДМЕТ |
| Связываемые данные |
700#0$aЕврипид$f480 - 406 до н.э. |
| -- |
5010#$aТрагедии$2nlr_sh2$3RU\NLR\AUTH\6601563513 |
| Имя лица |
Еврипид (480 - 406 до н.э.) |
| Заглавие |
Трагедии |
| Системный номер авторитетной/нормативной записи |
2214063 |
| Идентификатор авторитетной/нормативной записи |
RU\NLR\AUTH\6601563513 |
| 675 ## - УНИВЕРСАЛЬНАЯ ДЕСЯТИЧНАЯ КЛАССИФИКАЦИЯ (UDC/УДК) |
| Индекс |
821.14'02-2 |
| Издание |
4 |
| 686 1# - ИНДЕКСЫ ДРУГИХ КЛАССИФИКАЦИЙ |
| Индекс |
Ш5(0)333-4Эсхил536.1 |
| 686 1# - ИНДЕКСЫ ДРУГИХ КЛАССИФИКАЦИЙ |
| Индекс |
Ш5(0)333-4Софокл536.1 |
| 686 1# - ИНДЕКСЫ ДРУГИХ КЛАССИФИКАЦИЙ |
| Индекс |
Ш5(0)333-4Еврипид536.1 |
| 700 #0 - ИМЯ ЛИЦА - ПЕРВИЧНАЯ ОТВЕТСТВЕННОСТЬ |
| Графика поля |
Кириллица |
| Материалы, к которым относится поле |
rus |
| Начальный элемент ввода |
Эсхил |
| Даты |
ок. 525 до н. э.- ок. 456 до н. э. |
| Системный номер авторитетной/нормативной записи |
120986 |
| Идентификатор авторитетной/нормативной записи |
RU\NLR\AUTH\7711232 |
| 701 #0 - ИМЯ ЛИЦА - АЛЬТЕРНАТИВНАЯ ОТВЕТСТВЕННОСТЬ |
| Графика поля |
Кириллица |
| Материалы, к которым относится поле |
rus |
| Начальный элемент ввода |
Софокл |
| Даты |
ок.496-406 до н.э. |
| Системный номер авторитетной/нормативной записи |
120987 |
| Идентификатор авторитетной/нормативной записи |
RU\NLR\AUTH\7711233 |
| 701 #0 - ИМЯ ЛИЦА - АЛЬТЕРНАТИВНАЯ ОТВЕТСТВЕННОСТЬ |
| Графика поля |
Кириллица |
| Материалы, к которым относится поле |
rus |
| Начальный элемент ввода |
Еврипид |
| Даты |
ок.480-406 до н.э. |
| Системный номер авторитетной/нормативной записи |
118681 |
| Идентификатор авторитетной/нормативной записи |
RU\NLR\AUTH\778795 |
| 702 #1 - ИМЯ ЛИЦА - ВТОРИЧНАЯ ОТВЕТСТВЕННОСТЬ |
| Код отношения |
Переводчик |
| Графика поля |
Кириллица |
| Материалы, к которым относится поле |
rus |
| Начальный элемент ввода |
Иванов |
| Часть имени, кроме начального элемента ввода |
В. И. |
| Дополнения к именам, кроме дат |
поэт, переводчик |
| Даты |
1866-1949 |
| Расширение инициалов личного имени |
Вячеслав Иванович |
| Системный номер авторитетной/нормативной записи |
117498 |
| Идентификатор авторитетной/нормативной записи |
RU\NLR\AUTH\777565 |
| 942 ## - ДОПОЛНИТЕЛЬНЫЕ ЭЛЕМЕНТЫ ЗАПИСИ (АБИС) |
| Тип экземпляра АБИС |
Книга |
| 980 ## - КОЛЛЕКЦИЯ |
| Название коллекции |
Национальная библиография |